000 00478nam a2200181Ia 4500
001 14490
005 20260306164918.0
008 260306t1999||||xx |||||||||||||| ||spa||
041 _aESP
082 _a515.1
_bS11 V. 3
100 _aSaavedra Alvarado, Teddy
_eAUT
245 0 _aAnálisis matemático:
_bfunciones de varias variables y ecuaciones diferenciales ordinarias
260 _c1999
300 _a
_c
650 _aGEN
654 _aCMA
942 _cLIB
_dJUS
_fJUS
_2ddc
_n
999 _c14490
_d14490